000 01074nam a2200301 a 4500
001 1161
003 BR-CuiBMT
005 20231130162559.0
008 231110s2015 baba 000 0 por d
020 _a8544203124
040 _aBR-CuiBMT
_cBR-CuiBMT
080 _22007
_a35.08:347.965
_x(079.1)
090 _a35.08:347.965(079.1)
_bA244
_c4. ed.
245 0 0 _aAdvocacia-Geral da União :
_bprocurador federal, advogado da União : edital sistematizado /
_cLeonardo de Medeiros Garcia, Roberval Rocha [organizadores].
250 _a4. ed., rev. e ampl.
260 _aSalvador :
_bJusPODIVM,
_c2015.
300 _a435 p. ;
_c24 cm
490 1 _aColeção edital sistematizado
504 _aInclui bibliografia.
650 _aServiço público
_xConcursos
_zBrasil
650 _aAdvogados da União
_xConcursos
_zBrasil
650 _aProcuradoria federal
_xConcursos
_zBrasil
650 _aServidores públicos
_xSeleção
_zBrasil
700 1 _aGarcia, Leonardo de Medeiros
_4org.
700 1 _aRocha, Roberval
_4org.
830 0 _aEdital sistematizado
942 _2udc
_cLV
999 _c1161
_d1161